Errores constitucionales (Record no. 164205)

MARC details
000 -LEADER
fixed length control field 00885nam a22001697a 4500
005 - DATE AND TIME OF LATEST TRANSACTION
control field 20220913112731.0
008 - FIXED-LENGTH DATA ELEMENTS--GENERAL INFORMATION
fixed length control field 191017b mx ||||| |||| 00| 0 spa d
050 04 - LIBRARY OF CONGRESS CALL NUMBER
Classification number KGF2698
Item number M45 1977
100 1# - MAIN ENTRY--PERSONAL NAME
Personal name Mejía, Miguel,
Relator term autor
245 10 - TITLE STATEMENT
Title Errores constitucionales
Remainder of title : Las arbitrariedades judiciales y los juicios de amparo. Refutación de los muchos errores que han invadido la jurisprudencia constitucional y exposición de los buenos principios. Examínanse en primer lugar las cuestiones constitucionales que surgen de la aplicación de las leyes en la administración de justicia
Statement of responsibility, etc / Miguel Mejia; prólogo Héctor Fix-Zamudio.
250 ## - EDITION STATEMENT
Edition statement 1a ed.
260 ## - PUBLICATION, DISTRIBUTION, ETC. (IMPRINT)
Place of publication, distribution, etc México :
Name of publisher, distributor, etc Universidad Nacional Autónoma de México,
Date of publication, distribution, etc 1977
300 ## - PHYSICAL DESCRIPTION
Extent 396 paginas :
Dimensions 23 cm.
504 ## - BIBLIOGRAPHY, ETC. NOTE
Bibliography, etc Incluye bibliografias e índice
650 #7 - SUBJECT ADDED ENTRY--TOPICAL TERM
Source of heading or term lemb
Topical term or geographic name as entry element Derecho constitucional
Geographic subdivision México
942 ## - ADDED ENTRY ELEMENTS (KOHA)
Source of classification or shelving scheme Biblioteca del Cogreso de los Estados Unidos
Koha item type Libro
Holdings
Estado de pérdida Fuente de clasificación Estado del daño No para préstamo Ubicación permanente Ubicación actual Apartado o colección Fecha de adquisición Fuente de adquisición Edición Área del conocimiento Total Checkouts Clasificación Código de Barras Date last seen Número de copia Costo por reposición Tipo de recurso
  Biblioteca del Cogreso de los Estados Unidos     Biblioteca de la Facultad de Derecho y Ciencias Sociales "Felipe J. Tena" Biblioteca de la Facultad de Derecho y Ciencias Sociales "Felipe J. Tena" Consulta 12/09/2022 Unidad Académica 1a ed. Ciencias Sociales y Administrativas   KGF2698 M45 1977 BFD000014427 12/09/2022 C:1 1.00 Libro